000 00361nam a2200145Ia 4500
008 230711s9999||||xx |||||||||||||| ||und||
041 _aENG
082 _a624
_bJO-N
100 _aJodidio,Philip
245 0 _aNew forms : Architecture in 1990's
250 _a1st . Ed.
260 _c2001
_aNew York
_bTaschen Publications
650 _aArchitecture
942 _cBK
999 _c4341
_d4341